000
00310nam a22001337a 4500
020
_a
0-7445-7782-9
082
_a
823
_b
MCN/W
100
_a
MCNAUGHTON , COLIN
245
_a
WHO'S BEEN SLEEPING IN MY PORRIDGE
260
_a
LONDON
_b
WALKER BOOKS LTD
_c
2000
300
_a
124
520
_a
SHORT STORY
942
_c
BK
999
_c
6451
_d
6451